[Event "TUR-chT 2nd League"]
[Site "Denizli"]
[Date "2024.07.19"]
[Round "6.5"]
[White "Yogurtcuoglu, Cagan"]
[Black "Sezgin, Mustafa"]
[Result "0-1"]
[WhiteElo "1781"]
[BlackElo "1837"]
[PlyCount "66"]
[EventDate "2024.07.15"]
[EventType "team-swiss"]
[EventRounds "9"]
[EventCountry "TUR"]
[SourceTitle "EXT 2025"]
[Source "ChessBase"]
[SourceDate "2024.10.14"]
[SourceVersion "1"]
[SourceVersionDate "2024.10.14"]
[SourceQuality "1"]
[WhiteTeam "Trabzon Feda"]
[BlackTeam "Pausa Enstitu"]
[WhiteTeamCountry "TUR"]
[BlackTeamCountry "TUR"]

1. d4 Nf6 2. c4 c5 3. d5 b5 4. cxb5 a6 5. bxa6 d6 6. Nc3 g6 7. e4 Bg7 8. Nf3 0-0 9. Be2 Qa5 10. 0-0 Bxa6 11. Re1 Nbd7 12. Bxa6 Qxa6 13. Qe2 c4 14. Bg5 Ng4 15. Bxe7 Rfe8 16. Bg5 Nge5 17. Nxe5 Nxe5 18. Qc2 Nd3 19. Reb1 Reb8 20. a4 Rb3 21. Bd2 Rab8 22. Bc1 Ne1 23. Qd1 Bxc3 24. Be3 Rxb2 25. Rc1 Qa5 26. Rxc3 Qxc3 27. Bd4 Qc2 28. Bxb2 Qxd1 29. Rxd1 Rxb2 30. e5 Nd3 31. exd6 Kf8 32. a5 c3 33. a6 c2 0-1

[Event "TUR-chT 2nd League"]
[Site "Denizli"]
[Date "2024.07.16"]
[Round "2.14"]
[White "Demir, Berk"]
[Black "Yogurtcuoglu, Cagan"]
[Result "1-0"]
[WhiteElo "1770"]
[BlackElo "1781"]
[PlyCount "32"]
[EventDate "2024.07.15"]
[EventType "team-swiss"]
[EventRounds "9"]
[EventCountry "TUR"]
[SourceTitle "EXT 2025"]
[Source "ChessBase"]
[SourceDate "2024.10.14"]
[SourceVersion "1"]
[SourceVersionDate "2024.10.14"]
[SourceQuality "1"]
[WhiteTeam "Karaman Yunus Emre"]
[BlackTeam "Trabzon Feda"]
[WhiteTeamCountry "TUR"]
[BlackTeamCountry "TUR"]

1. e4 c5 2. b3 Nc6 3. Bb2 e5 4. f4 d6 5. Nf3 Nf6 6. Bb5 exf4 7. e5 Nd7 8. exd6 Bxd6 9. Bxc6 bxc6 10. Qe2+ Qe7 11. Nc3 Qxe2+ 12. Nxe2 f6 13. 0-0 g5 14. Nxg5 Be5 15. Bxe5 fxe5 16. Rae1 0-0 1-0

[Event "TUR-chT 2nd League"]
[Site "Denizli"]
[Date "2024.07.15"]
[Round "1.13"]
[White "Yogurtcuoglu, Cagan"]
[Black "Kandaz, Berat Efe"]
[Result "1/2-1/2"]
[WhiteElo "1781"]
[BlackElo "1842"]
[PlyCount "25"]
[EventDate "2024.07.15"]
[EventType "team-swiss"]
[EventRounds "9"]
[EventCountry "TUR"]
[SourceTitle "EXT 2025"]
[Source "ChessBase"]
[SourceDate "2024.10.14"]
[SourceVersion "1"]
[SourceVersionDate "2024.10.14"]
[SourceQuality "1"]
[WhiteTeam "Trabzon Feda"]
[BlackTeam "Padisah"]
[WhiteTeamCountry "TUR"]
[BlackTeamCountry "TUR"]

1. d4 Nf6 2. c4 e6 3. Nc3 Bb4 4. Qc2 0-0 5. Nf3 c5 6. e3 cxd4 7. Nxd4 e5 8. Nf3 Nc6 9. Be2 d5 10. a3 Bxc3+ 11. Qxc3 Ne4 12. Qc2 Bf5 13. Bd3 1/2-1/2